|
|
|
|
| LEADER |
04412nam a2200685 4500 |
| 001 |
ocn730998292 |
| 003 |
OCoLC |
| 005 |
20180501121941.0 |
| 006 |
m o d |
| 007 |
cr cnu---unuuu |
| 008 |
110616s2010 ne a ob 001 0 eng d |
| 040 |
|
|
|a N$T
|b eng
|e pn
|c N$T
|d QCL
|d CDX
|d UKMGB
|d OCLCQ
|d OPELS
|d E7B
|d YDXCP
|d OCLCQ
|d OPELS
|d OCLCF
|d CN4UL
|d OCLCQ
|d UAB
|d GrThAP
|
| 016 |
7 |
|
|a 015499536
|2 Uk
|
| 019 |
|
|
|a 696301142
|a 700401559
|a 904199175
|
| 020 |
|
|
|a 9780444536235
|q (electronic bk.)
|
| 020 |
|
|
|a 044453623X
|q (electronic bk.)
|
| 020 |
|
|
|a 9780444536136
|q (electronic bk.)
|
| 020 |
|
|
|a 0444536132
|q (electronic bk.)
|
| 035 |
|
|
|a (OCoLC)730998292
|z (OCoLC)696301142
|z (OCoLC)700401559
|z (OCoLC)904199175
|
| 050 |
|
4 |
|a QP376
|b .P7eb v.187
|
| 060 |
|
4 |
|a WL 102 B858 2010
|
| 072 |
|
7 |
|a MED
|x 057000
|2 bisacsh
|
| 072 |
|
7 |
|a PSY
|x 020000
|2 bisacsh
|
| 082 |
0 |
4 |
|a 612.8/2
|2 23
|
| 049 |
|
|
|a TEFA
|
| 245 |
0 |
0 |
|a Breathe, walk and chew :
|b the neural challenge.
|n Part 1 /
|c edited by Jean-Pierre Gossard, Réjean Dubuc, Arlette Kolta.
|
| 250 |
|
|
|a 1st ed.
|
| 260 |
|
|
|a Amsterdam ;
|a Boston :
|b Elsevier,
|c 2010.
|
| 300 |
|
|
|a 1 online resource (xii, 230 pages) :
|b illustrations.
|
| 336 |
|
|
|a text
|b txt
|2 rdacontent
|
| 337 |
|
|
|a computer
|b c
|2 rdamedia
|
| 338 |
|
|
|a online resource
|b cr
|2 rdacarrier
|
| 490 |
1 |
|
|a Progress in brain research,
|x 1875-7855 ;
|v vol. 187
|
| 504 |
|
|
|a Includes bibliographical references and index.
|
| 588 |
0 |
|
|a Print version record.
|
| 505 |
0 |
|
|a pt. 1. Section 1. Genetic factors determining the functional organization of neural circuits controlling rhythmic movements -- 1. Once upon a time -- the early concepts of breathing, walking, and chewing -- 2. Genetic dissection of rhythmic motor networks in mice -- 3. Genetic factors determining the functional organization of neural circuits controlling rhythmic movements -- 4. Development of motor rhythms in zebrafish embryos -- 5. Limb, respiratory, and masticatory muscle compartmentalization -- 6. Spinal interneurons providing input to the final common path during locomotion -- 7. Beyond connectivity of locomotor circuitry-ionic and modulatory mechanisms.
|
| 505 |
0 |
|
|a pt. 2. Section 3. Modulation of rhythmic movements -- 2. The spinal generation of phases and cycle duration -- 3. Networks within networks: The neuronal control of breathing -- 4. Supraspinal control of locomotion: The mesencephalic locomotor region -- 5. Face sensorimotor cortex: Its role and neuroplasticity in the control of orofacial movements -- 6. Motor planning of locomotor adaptations on the basis of vision: The role of the posterior parietal cortex -- 7. Interindividual variability and its implications for locomotor adaptation following peripheral nerve and/or spinal -- 8. Challenging the adaptive capacity of rhythmic movement control: From denervation to force field adaptation -- 9. Face sensorimotor cortex neuroplasticity associated with intraoral alterations -- 10. A hierarchical perspective on rhythm generation for locomotor control -- 11. Novel mechanism for hyperreflexia and spasticity -- 12. Modulation of rhythmic movement: Control of coordination -- Section 4. Perspectives -- 14. Looking forward to breathing -- 15. Chew before you swallow -- 16. Spinal plasticity in the recovery of locomotion.
|
| 650 |
|
0 |
|a Brain.
|
| 650 |
|
0 |
|a Decision making.
|
| 650 |
|
0 |
|a Neurobiology.
|
| 650 |
|
0 |
|a Cognitive science.
|
| 650 |
|
0 |
|a Mind and body.
|
| 650 |
|
7 |
|a MEDICAL
|x Neuroscience.
|2 bisacsh
|
| 650 |
|
7 |
|a PSYCHOLOGY
|x Neuropsychology.
|2 bisacsh
|
| 650 |
|
7 |
|a Brain.
|2 fast
|0 (OCoLC)fst00837570
|
| 650 |
|
7 |
|a Cognitive science.
|2 fast
|0 (OCoLC)fst00866547
|
| 650 |
|
7 |
|a Decision making.
|2 fast
|0 (OCoLC)fst00889035
|
| 650 |
|
7 |
|a Mind and body.
|2 fast
|0 (OCoLC)fst01021997
|
| 650 |
|
7 |
|a Neurobiology.
|2 fast
|0 (OCoLC)fst01036315
|
| 650 |
|
2 |
|a Nervous System.
|
| 650 |
|
2 |
|a Nervous System
|x physiopathology.
|
| 650 |
|
2 |
|a Motor Skills
|x physiology.
|
| 650 |
|
2 |
|a Decision Making.
|
| 655 |
|
4 |
|a Electronic books.
|
| 700 |
1 |
|
|a Gossard, Jean-Pierre.
|
| 700 |
1 |
|
|a Dubuc, Réjean.
|
| 700 |
1 |
|
|a Kolta, Arlette.
|
| 776 |
0 |
8 |
|i Print version:
|t Breathe, walk and chew.
|b 1st ed.
|d Amsterdam ; London : Elsevier Science, ©2010
|z 9780444536136
|w (OCoLC)468975925
|
| 830 |
|
0 |
|a Progress in brain research ;
|v v. 187.
|
| 856 |
4 |
0 |
|u https://www.sciencedirect.com/science/bookseries/00796123/187
|z Full Text via HEAL-Link
|